|
|
|
|
| LEADER |
01977nam a22004815i 4500 |
| 001 |
978-3-642-18387-4 |
| 003 |
DE-He213 |
| 005 |
20151204160616.0 |
| 007 |
cr nn 008mamaa |
| 008 |
110722s2011 gw | s |||| 0|eng d |
| 020 |
|
|
|a 9783642183874
|9 978-3-642-18387-4
|
| 024 |
7 |
|
|a 10.1007/978-3-642-18387-4
|2 doi
|
| 040 |
|
|
|d GrThAP
|
| 050 |
|
4 |
|a HD30.23
|
| 072 |
|
7 |
|a KJT
|2 bicssc
|
| 072 |
|
7 |
|a KJMD
|2 bicssc
|
| 072 |
|
7 |
|a BUS049000
|2 bisacsh
|
| 082 |
0 |
4 |
|a 658.40301
|2 23
|
| 245 |
1 |
0 |
|a Modeling Risk Management for Resources and Environment in China
|h [electronic resource] /
|c edited by Desheng Dash Wu, Yong Zhou.
|
| 264 |
|
1 |
|a Berlin, Heidelberg :
|b Springer Berlin Heidelberg :
|b Imprint: Springer,
|c 2011.
|
| 300 |
|
|
|a XIV, 578 p.
|b online resource.
|
| 336 |
|
|
|a text
|b txt
|2 rdacontent
|
| 337 |
|
|
|a computer
|b c
|2 rdamedia
|
| 338 |
|
|
|a online resource
|b cr
|2 rdacarrier
|
| 347 |
|
|
|a text file
|b PDF
|2 rda
|
| 490 |
1 |
|
|a Computational Risk Management,
|x 2191-1436
|
| 520 |
|
|
|a This edited volume expands the scope of risk management beyond finance to include resources and environment issues in China. It presents the state-of-the-art approaches of using risk management to effectively manage resources and environment. Both case studies and theoretical methodologies are discussed.
|
| 650 |
|
0 |
|a Business.
|
| 650 |
|
0 |
|a Operations research.
|
| 650 |
|
0 |
|a Decision making.
|
| 650 |
|
0 |
|a Environmental economics.
|
| 650 |
1 |
4 |
|a Business and Management.
|
| 650 |
2 |
4 |
|a Operation Research/Decision Theory.
|
| 650 |
2 |
4 |
|a Environmental Economics.
|
| 700 |
1 |
|
|a Wu, Desheng Dash.
|e editor.
|
| 700 |
1 |
|
|a Zhou, Yong.
|e editor.
|
| 710 |
2 |
|
|a SpringerLink (Online service)
|
| 773 |
0 |
|
|t Springer eBooks
|
| 776 |
0 |
8 |
|i Printed edition:
|z 9783642183867
|
| 830 |
|
0 |
|a Computational Risk Management,
|x 2191-1436
|
| 856 |
4 |
0 |
|u http://dx.doi.org/10.1007/978-3-642-18387-4
|z Full Text via HEAL-Link
|
| 912 |
|
|
|a ZDB-2-SBE
|
| 950 |
|
|
|a Business and Economics (Springer-11643)
|